BIBLIOTECA PODER JUDICIAL
Portal Judicial TDF

Protección del administrado / (Registro nro. 2737)

000 -LEADER
fixed length control field 02119nam a22004217a 4500
003 - CONTROL NUMBER IDENTIFIER
control field OSt
005 - DATE AND TIME OF LATEST TRANSACTION
control field 20191029062725.0
008 - FIXED-LENGTH DATA ELEMENTS--GENERAL INFORMATION
fixed length control field 180226b xxu||||| |||| 00| 0 spa d
020 ## - INTERNATIONAL STANDARD BOOK NUMBER
International Standard Book Number 9509385557
040 ## - CATALOGING SOURCE
Transcribing agency PJ
245 10 - MENCIÓN DE TÍTULO
Título propiamente dicho Protección del administrado /
Mención de responsabilidad, etc Jorge Sarmiento Garcia....[et. al].
260 ## - PUBLICATION, DISTRIBUTION, ETC. (IMPRINT)
Place of publication, distribution, etc Buenos Aires :
Name of publisher, distributor, etc Ciudad Argentina,
Date of publication, distribution, etc 1996.
300 ## - DESCRIPCION FISICA
Extent 411 p.
Dimensions 20cm
505 ## - FORMATTED CONTENTS NOTE
Title Introducción al procedimiento y al proceso administrativos /
Statement of responsibility Jorge H. Sarmiento García.
505 ## - FORMATTED CONTENTS NOTE
Title ¿Hacia dónde va (o debiera ir) el proceso administrativo, tras la reforma constitucional? /
Statement of responsibility Javier Urrutigoity.
505 ## - FORMATTED CONTENTS NOTE
Title Causas y consecuencias de la morosidad administrativa /
Statement of responsibility Alberto M. Sánchez.
505 ## - FORMATTED CONTENTS NOTE
Title La impugnación administrativa, las otras vías paralelas y el "nuevo" amparo constitucional /
Statement of responsibility Olga Pura Arrabal de Canals.
505 ## - FORMATTED CONTENTS NOTE
Title El hábeas data y la actividad estatal /
Statement of responsibility Juan Fernando Armagnague.
505 ## - FORMATTED CONTENTS NOTE
Title Suspensión de la ejecución del acto administrativo /
Statement of responsibility José Luis Correa.
505 ## - FORMATTED CONTENTS NOTE
Title La protección del administrado en la contratación administrativa /
Statement of responsibility Marta González de Aguirre.
505 ## - FORMATTED CONTENTS NOTE
Title La autonomía universitaria y el recurso de alzada en las universidades nacionales /
Statement of responsibility Julio A. Alvarez.
505 ## - FORMATTED CONTENTS NOTE
Title Gastos causídicos en el procedimiento y proceso administrativos. Juriprudencia /
Statement of responsibility Liliana C. Giannaccari de Mathus.
505 ## - FORMATTED CONTENTS NOTE
Title Prórroga de la jurisdicción internacional /
Statement of responsibility Efráin I. Quevedo Mendoza.
650 #0 - ASIENTO SECUNDARIO DE MATERIA - TERMINO TEMATICO
Topical term or geographic name as entry element DERECHO ADMINISTRATIVO
9 (RLIN) 211
650 #0 - ASIENTO SECUNDARIO DE MATERIA - TERMINO TEMATICO
Topical term or geographic name as entry element PROCEDIMIENTO ADMINISTRATIVO
9 (RLIN) 1135
650 #0 - ASIENTO SECUNDARIO DE MATERIA - TERMINO TEMATICO
Topical term or geographic name as entry element ACTO ADMINISTRATIVO
9 (RLIN) 1171
700 ## - ADDED ENTRY--PERSONAL NAME
Personal name Sarmiento García, Jorge H.
9 (RLIN) 24
700 ## - ADDED ENTRY--PERSONAL NAME
9 (RLIN) 30
Personal name Urrutigoity, Javier
700 ## - ADDED ENTRY--PERSONAL NAME
9 (RLIN) 4160
Personal name Sanchez, Alberto M.
700 ## - ADDED ENTRY--PERSONAL NAME
9 (RLIN) 4161
Personal name Arrabal de Canals, Olga Pura
700 ## - ADDED ENTRY--PERSONAL NAME
9 (RLIN) 786
Personal name Armagnague, Juan Fernando
700 ## - ADDED ENTRY--PERSONAL NAME
9 (RLIN) 788
Personal name Correa, José Luis
700 ## - ADDED ENTRY--PERSONAL NAME
9 (RLIN) 3266
Personal name González de Aguirre, Marta
700 ## - ADDED ENTRY--PERSONAL NAME
9 (RLIN) 789
Personal name Alvarez, Julio
700 ## - ADDED ENTRY--PERSONAL NAME
9 (RLIN) 4162
Personal name Giannaccari de Mathus, Liliana C.
700 ## - ADDED ENTRY--PERSONAL NAME
9 (RLIN) 2357
Personal name Quevedo Mendoza, Efrain I.
942 ## - ADDED ENTRY ELEMENTS (KOHA)
Source of classification or shelving scheme
Koha item type Libros
Classification part 342.9
Item part PRO
Existencias
Withdrawn status Lost status Source of classification or shelving scheme Damaged status Not for loan Permanent Location Current Location Date acquired Full call number Barcode Date last seen Price effective from Koha item type
          Biblioteca Poder Judicial Sur Biblioteca Poder Judicial Sur 2019-05-03 342.9 PRO 3696 2019-05-03 2019-05-03 Libros

12 de Octubre 789 Ushuaia - Tel:  54(02901)441571
Horario de Atención: 8.00 a 17.00 hs. 
bibliotecaush@justierradelfuego.gov.ar
koha@justierradelfuego.gov.ar
Seguinos en nuestras redes @bibliojustdf 

Con tecnología Koha